LEADER 00988cam0-22003251i-450- 001 990007891000403321 005 20121207085420.0 010 $a88-491-1553-9 035 $a000789100 035 $aFED01000789100 035 $a(Aleph)000789100FED01 035 $a000789100 100 $a20121207d2000----km-y0itay50------ba 101 0 $aita 102 $aIT 105 $ay-------001yy 200 1 $aTeorie costituzionalistiche del diritto$emorale, diritto e interpretazione in R. Alexy e R. Dworkin$fGiorgio Bongiovanni 210 $aBologna$cCLUEB$dİ2000 215 $a252 p.$d21 cm 225 1 $aFilosofia, informatica, diritto$v9 610 0 $aCostituzionalismo$aSec. 20 676 $a342.001$v20$zita 700 1$aBongiovanni,$bGiorgio$f<1956- >$0145057 801 0$aIT$bUNINA$gREICAT$2UNIMARC 901 $aBK 912 $a990007891000403321 952 $aXI D B 73$b2009$fDFD 959 $aDFD 996 $aTeorie costituzionalistiche del diritto$9668130 997 $aUNINA LEADER 01042nam0-22003011i-450- 001 990002053060403321 005 20090427131551.0 035 $a000205306 035 $aFED01000205306 035 $a(Aleph)000205306FED01 035 $a000205306 100 $a20030910d1960----km-y0itay50------ba 101 0 $aeng 200 1 $a<>review of the biological control of insects and weeds in Australia and Australian New Guinea$fFrank Wilson 210 $aBucks$cCommonwealth agricultural bureaux$d1960 215 $a102 p.$d25 cm 225 1 $aCommonwealth institute of biological control technical communication$v1 610 0 $aControllo biologico 676 $a632.7 702 1$aWilson,$bFrank 712 02$aCommonwealth Institute of Biological Control 801 0$aIT$bUNINA$gRICA$2UNIMARC 901 $aBK 912 $a990002053060403321 952 $a61 VII B.6/53.01$b1471$fDAGEN 959 $aDAGEN 996 $aReview of the biological control of insects and weeds in Australia and Australian New Guinea$9406061 997 $aUNINA LEADER 00952nam0-22003131i-450 001 990001692310403321 005 20190529131323.0 035 $a000169231 035 $aFED01000169231 035 $a(Aleph)000169231FED01 035 $a000169231 100 $a20030910d1973----km-y0itay50------ba 101 0 $aita 200 1 $aIndagine sulle cultivar di ciliegio diffuse in Italia$e9) Campania$fG. Casella, C. Picariello 210 $aBologna$c...$d1973 215 $a32 p.$d31 cm 300 $aEstr. da: Indagine sulle cultivar di ciliegio diffuse in Italia, 1973. 610 0 $aCiliege 610 0 $aCampania 676 $a634.23 700 1$aCasella,$bGiulio$0354570 701 1$aPicariello,$bC.$073033 801 0$aIT$bUNINA$gRICA$2UNIMARC 901 $aLG 912 $a990001692310403321 952 $a60 OP. 91/7$b44673$fFAGBC 959 $aFAGBC 996 $aIndagine sulle cultivar di ciliegio diffuse in Italia$9360742 997 $aUNINA LEADER 06494nam 2201357 450 001 9910816777303321 005 20230803195404.0 010 $a1-4008-5036-3 024 7 $a10.1515/9781400850365 035 $a(CKB)2670000000543849 035 $a(EBL)1584942 035 $a(OCoLC)874097676 035 $a(SSID)ssj0001212834 035 $a(PQKBManifestationID)11977905 035 $a(PQKBTitleCode)TC0001212834 035 $a(PQKBWorkID)11211522 035 $a(PQKB)10468968 035 $a(MiAaPQ)EBC1584942 035 $a(StDuBDS)EDZ0001752082 035 $a(OCoLC)878142822 035 $a(MdBmJHUP)muse43381 035 $a(DE-B1597)453985 035 $a(OCoLC)979742401 035 $a(DE-B1597)9781400850365 035 $a(Au-PeEL)EBL1584942 035 $a(CaPaEBR)ebr10850183 035 $a(CaONFJC)MIL582628 035 $a(EXLCZ)992670000000543849 100 $a20140403h20142014 uy 0 101 0 $aeng 135 $aurcnu|||||||| 181 $ctxt$2rdacontent 182 $cc$2rdamedia 183 $2rdacarrier 200 14$aThe national origins of policy ideas $eknowledge regimes in the United States, France, Germany, and Denmark /$fJohn L. Campbell, Ove K. Pederson 205 $aCourse Book 210 1$aPrinceton, New Jersey :$cPrinceton University Press,$d2014. 210 4$dİ2014 215 $a1 online resource (422 p.) 300 $aDescription based upon print version of record. 311 $a0-691-16116-X 311 $a0-691-15031-1 320 $aIncludes bibliographical references and index. 327 $tFront matter --$tContents --$tTables and Figures --$tAcronyms --$tPreface --$tChapter 1: Knowledge Regimes and the National Origins of Policy Ideas --$tPart I: The Political Economy of Knowledge Regimes --$tChapter 2: The Paradox of Partisanship in the United States --$tChapter 3: The Decline of Dirigisme in France --$tChapter 4: Coordination and Compromise in Germany --$tChapter 5: The Nature of Negotiation in Denmark --$tReprise: Initial Reflections on the National Cases --$tPart II: Issues of Similarity and Impact --$tChapter 6: Limits of Convergence --$tChapter 7: Questions of Influence --$tPart III: Conclusions --$tChapter 8: Summing Up and Normative Implications --$tPostscript: An Agenda for Future Research --$tAppendix: Research Design and Methods --$tReferences --$tIndex 330 $aIn politics, ideas matter. They provide the foundation for economic policymaking, which in turn shapes what is possible in domestic and international politics. Yet until now, little attention has been paid to how these ideas are produced and disseminated, and how this process varies between countries. The National Origins of Policy Ideas provides the first comparative analysis of how "knowledge regimes"-communities of policy research organizations like think tanks, political party foundations, ad hoc commissions, and state research offices, and the institutions that govern them-generate ideas and communicate them to policymakers. John Campbell and Ove Pedersen examine how knowledge regimes are organized, operate, and have changed over the last thirty years in the United States, France, Germany, and Denmark. They show how there are persistent national differences in how policy ideas are produced. Some countries do so in contentious, politically partisan ways, while others are cooperative and consensus oriented. They find that while knowledge regimes have adopted some common practices since the 1970's, tendencies toward convergence have been limited and outcomes have been heavily shaped by national contexts. Drawing on extensive interviews with top officials at leading policy research organizations, this book demonstrates why knowledge regimes are as important to capitalism as the state and the firm, and sheds new light on debates about the effects of globalization, the rise of neoliberalism, and the orientation of comparative political economy in political science and sociology. 606 $aGlobalization$xPolitical aspects 607 $aUnited States$xForeign economic relations 610 $aDanish knowledge regime. 610 $aDanish knowledge. 610 $aDenmark. 610 $aFrance. 610 $aFrench knowledge. 610 $aGerman knowledge regime. 610 $aGerman knowledge. 610 $aGolden Age. 610 $aInternet. 610 $aU.S. knowledge. 610 $aanalytical sophistication. 610 $acentral state. 610 $acomparative political economy. 610 $aconsensus making. 610 $aconvergence theory. 610 $aconvergence. 610 $acoordinating mechanisms. 610 $acorporatism. 610 $acorporatist institutions. 610 $acorporatist negotiations. 610 $across-national policy analysis. 610 $adirigisme. 610 $adissemination practices. 610 $aeconomic development. 610 $aeconomic policymaking. 610 $aglobalization. 610 $aideas crisis. 610 $aideological battles. 610 $aideological divisiveness. 610 $aideological polarization. 610 $aideology. 610 $aknowledge regime. 610 $aknowledge regimes. 610 $alobbyists. 610 $anational councils. 610 $anational differences. 610 $anational policymaking. 610 $aneoliberal diffusion. 610 $aneoliberalism. 610 $anew media. 610 $apartisanship. 610 $apolicy analysis. 610 $apolicy ideas. 610 $apolicy recommendations. 610 $apolicy research organizations. 610 $apolicy research. 610 $apolicymaking regime. 610 $apolicymaking regimes. 610 $apolicymaking. 610 $apolitical divide. 610 $apolitical economy. 610 $apolitical-economic problems. 610 $aprivate policy research. 610 $apublic policy. 610 $aresearch agenda. 610 $asemi-public policy research. 610 $astatist knowledge regime. 610 $athink tanks. 615 0$aGlobalization$xPolitical aspects. 676 $a327.1 700 $aCampbell$b John L.$043288 702 $aPederson$b Ove K. 801 0$bMiAaPQ 801 1$bMiAaPQ 801 2$bMiAaPQ 906 $aBOOK 912 $a9910816777303321 996 $aThe national origins of policy ideas$93987659 997 $aUNINA